Hệ thống văn bản pháp luật về chế độ tiền lương mới trong khu vực hành chính sự nghiệp

Sparad:
Bibliografiska uppgifter
Huvudupphovsman: Nguyễn, Văn Thanh
Materialtyp: Bok
Språk:Undetermined
Publicerad: Hà Nội Lao động 2005
Ämnen:
Taggar: Lägg till en tagg
Inga taggar, Lägg till första taggen!
Thư viện lưu trữ: Trung tâm Học liệu Trường Đại học Cần Thơ
LEADER 00650nam a2200193Ia 4500
001 CTU_73823
008 210402s9999 xx 000 0 und d
020 |b 45000 
082 |a 344.59701 
082 |b Th107 
100 |a Nguyễn, Văn Thanh 
245 0 |a Hệ thống văn bản pháp luật về chế độ tiền lương mới trong khu vực hành chính sự nghiệp 
245 0 |c Nguyễn Văn Thanh 
260 |a Hà Nội 
260 |b Lao động 
260 |c 2005 
650 |a Labor laws and legislation 
904 |i Mai Loan, QHieu 
980 |a Trung tâm Học liệu Trường Đại học Cần Thơ